[Event "North Sydney Ford Memorial"]
[Site "Sydney"]
[Date "2006.09.26"]
[Round "4"]
[White "Wang, Oscar Miao"]
[Black "Dick, Graham"]
[Result "1-0"]
[WhiteElo "1160"]
[BlackElo "1559"]
[PlyCount "167"]
[EventDate "2006.08.15"]
[EventType "swiss"]
[EventRounds "9"]
[EventCountry "AUS"]
[SourceTitle "EXT 2010"]
[Source "ChessBase"]
[SourceDate "2010.11.25"]
[SourceVersion "1"]
[SourceVersionDate "2010.11.25"]
[SourceQuality "1"]

1. d4 d5 2. c4 e6 3. Nf3 Nf6 4. Bg5 Nbd7 5. e3 Be7 6. Bd3 0-0 7. 0-0 Nh5 8. Bxe7 Qxe7 9. Ne5 Nhf6 10. Nc3 c6 11. Qc2 Re8 12. Ne2 g6 13. Nf4 Nxe5 14. dxe5 Nd7 15. Qc3 Qg5 16. Nh3 Qxe5 17. Rac1 Qxc3 18. Rxc3 Ne5 19. Nf4 Nxc4 20. Bxc4 dxc4 21. Rxc4 e5 22. Nd3 Be6 23. Rc3 f6 24. Nc5 b6 25. Nxe6 Rxe6 26. Rd1 c5 27. Rd7 Ree8 28. Rcd3 e4 29. R3d6 f5 30. g3 Rf8 31. Rc7 Rf7 32. Rdd7 Rxd7 33. Rxd7 h5 34. Kf1 b5 35. Rc7 c4 36. Ke2 a6 37. Kd2 Rd8+ 38. Kc2 Rd6 39. a4 Kf8 40. axb5 axb5 41. Rc5 Rb6 42. Rd5 Ke7 43. Kc3 Ke6 44. Rc5 g5 45. Kb4 Rd6 46. Rxb5 Rd2 47. Kxc4 Rxf2 48. Rb6+ Ke7 49. Rg6 g4 50. Rg5 Kf6 51. Rxh5 Rxb2 52. Rh6+ Ke5 53. Kc3 Re2 54. Rh8 Rxe3+ 55. Kd2 Rd3+ 56. Ke2 Rb3 57. Re8+ Kf6 58. Rf8+ Kg7 59. Rxf5 Rb2+ 60. Ke3 Kg6 61. Rf4 Kg5 62. Rxe4 Rxh2 63. Ra4 Rc2 64. Rd4 Rc3+ 65. Rd3 Rc5 66. Ke4 Rc4+ 67. Rd4 Rc5 68. Rd5+ Rxd5 69. Kxd5 Kf5 70. Kd4 Kf6 71. Ke4 Kg5 72. Ke5 Kg6 73. Kf4 Kf6 74. Kxg4 Kg6 75. Kf4 Kf6 76. g4 Kg6 77. g5 Kg7 78. Kg3 Kg6 79. Kg4 Kg7 80. Kf5 Kf7 81. g6+ Kg7 82. Kg5 Kh8 83. Kh6 Kg8 84. g7 1-0